000 00284nam a22001097a 4500
008 170110b xxu||||| |||| 00| 0 eng d
020 _a0826182321
041 _aeng
080 _a618.2
245 _aANNUAL REVIEW OF NURSING RESEARCH
_cFITZPATRICK, J.J & STEVENSON, J.S
942 _2udc
_cBK
999 _c2642
_d2642